| 000 | 00652nam a2200193 i 4500 | ||
|---|---|---|---|
| 001 | 29431 | ||
| 003 | ES-MaACL | ||
| 005 | 20230909063106.0 | ||
| 007 | t| | ||
| 008 | 030121m19221943sp af |||| | spa d | ||
| 100 | 1 |
_aBallesteros Beretta, Antonio, _d1880-1949 _925050 |
|
| 245 | 1 | 0 |
_aHistoria de España y su influencia en la historia universal / _cAntonio Ballesteros Beretta. |
| 260 |
_aBarcelona : _bSalvat, _c1922-1943 ( _fHispano-Americana) |
||
| 300 |
_a7 v., CCLXVII lám. : _bil. ; _c26 cm. |
||
| 595 | _aVol. III impreso en 1922. | ||
| 651 | 4 |
_aEspaña- _xHistoria. _98209 |
|
| 852 |
_aES-MaACL _jB-444-53 |
||
| 999 |
_c29431 _d29431 |
||